000 00500nam a2200181Ia 4500
005 20250508154040.0
008 008 250505s9999 xx 000 0 eng d
037 _aTextual
040 _aFEDL
_beng
_cFEDL
041 _aeng
_2eng
084 _a745.4, AND
_qFEDL
100 _aAnderson Donald M
_9614761
245 0 _aElements of design
260 _aNew York, USA
_bHolt, Rinehart and Winston
_c1961
300 _a218p.
942 _cTEXL
_h745.4, AND
999 _c1347274
_d1347274